000 00567nam a2200229Ia 4500
003 OSt
005 20221006144647.0
006 a|||||r|||| 00| 0
007 ta
008 221006b |||||||| |||| 00| 0 eng d
020 _c
_4.50
024 _a12,295
037 _cTextual
040 _aEASL
_cEASL
_beng
041 _2eng
_aeng
082 _aV41.N36, J8
245 0 _aStories of the long march
260 _aPeiking
_bForeign Languages
_c1958
300 _ax, 138p.
_ccm.
942 _hV41.N36, J8
_cTEXL
_2CC
999 _c1080381
_d1080381